Członkowie Bungee - Statystyki

Ogólne statystyki
  • Ten quiz został rozwiązany 1 148 razy
  • Średni wynik to 7 z 12
Statystyki odpowiedzi
Odpowiedź % Poprawnych
Bandura
99%
Dzinold
99%
Tuszol
95%
Wronek
89%
Merghani
87%
Kaleson
55%
Mork
50%
Gumiś
48%
Neex
31%
Adrian1g
10%
Speedy
8%
DobryPT
5%
Nie znaleziono quizów pasujących do podanych kryteriów
Rozkład punktacji
Procent ludzi z każdym wynikiem
Percentyl według liczby udzielonych odpowiedzi
Twoja historia wyników
Nie rozwiązałeś tego quizu